1890 1939 1015 1473 1980 1113 1276 1819 1345 1611 1157 1634 1844 1127 1408 1268 1078 1181 1167 1079 1319 1105 1178 1423 1835 1138 1175 1591 1829 1189 1538 1534 1663 1709 1370 1978 1983 1284 1007 1685 1741 1836 1596 1936 1144 1661 1582 1298 1910 1075 1796 1968 1136 1939 1959 1988 1447 1616 1249 1467 1677 1075 1321 1503 1380 1510 1633 1954 1730 1914 1516 1389 1724 1005 1557 1365 1600 1492 1814 1152 1575 1369 1141 1977 1215 1560 1792 1694 1954 1488 1172 1744 1294 1694 1231 1301 1510 1013 1993 BCNSPRNW ULIB Ver.6.0+V

เปลี่ยนเป็นภาษาไทย

Change to English
 แสดงรายละเอียดบรรณานุกรม
  กลับหน้าหลัก

Brief Record : Get Marc (ISO 2709) : E-mail record : QR code < ปิดหน้าต่าง
LEADER : 00000nam 2200000uu 4500
001    13399109816
003     ULIB
008    110411s2004||||th 000 0 eng d
060 04 WC503^bI61A ล.4 2004
110 1  International AIDS Conference (15th : 2004 : Bangkok)
245 10 Access for all: Satellite meetings www.aids2004.org Bangkok -Thailand /^cInternational AIDS Conference (15th : 2004 : Bangkok)
260    Bangkok :^bInternational AIDS Conference (15th : 2004 : Bangkok),^c2004
300    362 p.
650  2 HIV
945    ^p0^l0^i016268
945    ^p0^l0^i016269
945    ^p0^l0^i016267
995    ทศพร
999 ^a ใช้งานได้ทุกระบบ
รายการนี้ยังไม่มีแท็ก
คุณยังไม่ได้ล็อกอิน คุณสามารถมีกิจกรรมร่วมกับเว็บไซต์ได้ แต่ต้องล็อกอินก่อน ::
  ล็อกอิน

รายการสื่อสารสนเทศ

ลำดับที่ ประเภท เลขเรียก/บาร์โค้ด สถานที่ สถานะ
- ไม่พบข้อมูล -

รายการใกล้เคียง
    หัวเรื่อง [HIV]

BibComment


ยังไม่เคยถูกคอมเมนท์

คอมเมนท์ทรัพยากรรายการนี้
  คอมเมนท์: Access for all Sa..


 Copyright 2026. Bcnsprnw @Library